01140naa a2200157 a 450000100080000000500110000800800410001910000170006024500750007726000090015230000110016152006590017265300090083170000200084077301220086010510042013-02-05 1989 bl uuuu u00u1 u #d1 aVIEIRA, L.C. aDesenvolvimento de cultivares de soja para o Estado de Santa Catarina. c1989 ap.115. aRealizam- se anualmente em Chapec?? e Campos Novos, os ensaios de avalia????o de linhagens e cultivares de soja, com objetivo de identificar gen??tipos est??veis, resistentes ??s principais doen??as e adaptadas ??s condi????es ambientais Catarinenses. Os ensaios s??o compostos por linhagens e componentes da avalia????o final desenvolvida no Rio Grande do Sul e Paran??, principalmente, cultivares promissoras e/ou de import??ncia s??cio- econ??mica para Santa Catarina. Os gen??tipos promissores s??o mantido por no m??nimo tr??s anos, fase em que os melhores s??o propostos para recomenda????o, enquanto os menos adaptados s??o descartados anualmente. aSoja1 aESPINDOLA, E.A. tIn: REUNIAO DE PESQUISA DE SOJA DA REGIAO SUL, 17, 1989, Porto Alegre, RS. Ata e resumos...Porto Alegre: UFRGS, 1989.